Phân tích cầu đầu tư của doanh nghiệp tại Tỉnh Hậu Giang : Luận văn thạc sĩ kinh tế: chuyên ngành Tài chính-ngân hàng
Đề ra các giải pháp nâng cao hiệu quả đầu tư của doanh nghiệp tăng cường đóng góp GDP và tốc độ tăng trưởng địa phương, thông qua việc tạo ra nhiều công ăn việc làm mới, giảm bớt sự phân bố không đồng đều giữ đô thị và nông thôn, gó...
Bewaard in:
| Hoofdauteur: | |
|---|---|
| Formaat: | Boek |
| Taal: | Undetermined |
| Gepubliceerd in: |
Cần Thơ
Trường Đại Học Cần Thơ
2013
|
| Onderwerpen: | |
| Tags: |
Voeg label toe
Geen labels, Wees de eerste die dit record labelt!
|
| Thư viện lưu trữ: | Trung tâm Học liệu Trường Đại học Cần Thơ |
|---|
| LEADER | 01259nam a2200217Ia 4500 | ||
|---|---|---|---|
| 001 | CTU_183875 | ||
| 008 | 210402s9999 xx 000 0 und d | ||
| 082 | |a 658.1522 | ||
| 082 | |b Th523 | ||
| 088 | |a 62340201 | ||
| 100 | |a Nguyễn, Ngọc Như Thuỵ | ||
| 245 | 0 | |a Phân tích cầu đầu tư của doanh nghiệp tại Tỉnh Hậu Giang : | |
| 245 | 0 | |b Luận văn thạc sĩ kinh tế: chuyên ngành Tài chính-ngân hàng | |
| 245 | 0 | |c Nguyễn Ngọc Như Thuỵ ; GVHD: Võ Thành Danh | |
| 260 | |a Cần Thơ | ||
| 260 | |b Trường Đại Học Cần Thơ | ||
| 260 | |c 2013 | ||
| 520 | |a Đề ra các giải pháp nâng cao hiệu quả đầu tư của doanh nghiệp tăng cường đóng góp GDP và tốc độ tăng trưởng địa phương, thông qua việc tạo ra nhiều công ăn việc làm mới, giảm bớt sự phân bố không đồng đều giữ đô thị và nông thôn, góp phần to lớn trong quá trình phân phối lại thu nhập. | ||
| 650 | |a Capital investments,Vốn đầu tư | ||
| 910 | |a Kim, Thị Ngọc Yến | ||
| 980 | |a Trung tâm Học liệu Trường Đại học Cần Thơ | ||